Zgadnij państwo na podstawie kolorów flagi - Statystyki

Ogólne statystyki
  • Ten quiz został rozwiązany 54 razy
  • Średni wynik to 7 z 10
Statystyki odpowiedzi
Zagadnienie Odpowiedź % Poprawnych
Biały i czerwony w poziomych pasach Polska
91%
Biały, niebieski i czerwony w poziomych pasach Rosja
91%
Niebieski i żółty w poziomych pasach Ukraina
81%
Niebieski, biały i czerwony w pionowych pasach Francja
75%
Zielony, biały i pomarańczowy w pionowych pasach Irlandia
75%
Czarny, czerwony i żółty w poziomych pasach Niemcy
72%
Żółty, zielony i czerwony w poziomych pasach Litwa
63%
Biały, zielony i czerwony w poziomych pasach Bułgaria
53%
Czerwony, biały i czarny w poziomych pasach Jemen
47%
Żółty, niebieski i czerwony w poziomych pasach Kolumbia
47%
Nie znaleziono quizów pasujących do podanych kryteriów
Rozkład punktacji
Procent ludzi z każdym wynikiem
Percentyl według liczby udzielonych odpowiedzi
Twoja historia wyników
Nie rozwiązałeś tego quizu